Estadísticas para Países aleatorios por fronteras

Haz click aquí para intentar la prueba.

Estadísticas generales

  • Esta prueba ha sido intentada 3.591 veces
  • La puntuación promedio es 15 de 20

Estadísticas de respuestas

FronterasPaís% Correcto
EspañaPortugal
91%
Argentina | Bolivia | Colombia | Francia | Guyana | Paraguay | Perú | Surinam |
Uruguay | Venezuela
Brasil
90%
Canadá | MéxicoEstados Unidos
89%
Bielorrusia | Letonia | Polonia | RusiaLituania
89%
Colombia | PerúEcuador
88%
Reino UnidoIrlanda
88%
Alemania | Bélgica | FranciaLuxemburgo | Países Bajos
88%
Brasil | Ecuador | Panamá | Perú | VenezuelaColombia
87%
AlemaniaDinamarca
87%
Andorra | Francia | Marruecos | Portugal | Reino UnidoEspaña
87%
Colombia | Costa RicaPanamá
87%
ItaliaSan Marino | Ciudad
del Vaticano
87%
Finlandia | NoruegaSuecia
87%
Bolivia | Brasil | Chile | Paraguay | UruguayArgentina
86%
Alemania | Francia | Luxemburgo | Países BajosBélgica
86%
Argentina | Bolivia | PerúChile
86%
China | RusiaMongolia
86%
Argentina | Bolivia | BrasilParaguay
86%
Afganistán | Bután | Corea del Norte | India | Kazajistán | Kirguistán | Laos |
Mongolia | Myanmar | Nepal | Pakistán | Rusia | Tayikistán | Vietnam
China
85%
China | Corea del Sur | RusiaCorea del Norte
85%
Brasil | Surinam | VenezuelaGuyana
85%
España | IrlandaReino Unido
85%
Brasil | Colombia | GuyanaVenezuela
85%
Arabia Saudita | OmánYemen | Emiratos
Árabes Unidos
85%
Letonia | Lituania | Polonia | Rusia | UcraniaBielorrusia
84%
República DominicanaHaití
84%
Belice | Estados Unidos | GuatemalaMéxico
84%
FranciaMónaco
84%
Finlandia | Rusia | SueciaNoruega
84%
HaitíRepública Dominicana
84%
Estados UnidosCanadá
83%
Noruega | Rusia | SueciaFinlandia
83%
Alemania | Andorra | Bélgica | Brasil | España | Italia | Luxemburgo | Mónaco |
Países Bajos | Suiza | Surinam
Francia
83%
Argelia | Malí | Marruecos | SenegalMauritania
83%
Brasil | Francia | GuyanaSurinam
83%
Argentina | BrasilUruguay
83%
España | FranciaAndorra
82%
Argentina | Brasil | Chile | Paraguay | PerúBolivia
82%
Nicaragua | PanamáCosta Rica
82%
Letonia | RusiaEstonia
82%
Argelia | España | MauritaniaMarruecos
82%
Costa Rica | HondurasNicaragua
82%
Corea del NorteCorea del Sur
81%
Guatemala | HondurasEl Salvador
81%
SudáfricaLesoto
81%
Bulgaria | Hungría | Moldavia | Serbia | UcraniaRumania
81%
IndonesiaTimor Oriental |
Papua Nueva Guinea
81%
Laos | Tailandia | VietnamCamboya
80%
Austria | Ciudad del Vaticano | Eslovenia | Francia | San Marino | SuizaItalia
80%
China | Kirguistán | Rusia | Turkmenistán | UzbekistánKazajistán
80%
Austria | SuizaLiechtenstein
80%
Albania | Bulgaria | Grecia | Kosovo | SerbiaMacedonia del Norte
80%
Brunéi | Indonesia | TailandiaMalasia
80%
Alemania | Austria | Francia | Italia | LiechtensteinSuiza
80%
Camboya | Laos | Malasia | MyanmarTailandia
80%
Argelia | LibiaTúnez
80%
Austria | Bélgica | Dinamarca | Francia | Luxemburgo | Países Bajos | Polonia |
República Checa | Suiza
Alemania
79%
Libia | Malí | Marruecos | Mauritania | Níger | TúnezArgelia
79%
Armenia | Georgia | Irán | Rusia | TurquíaAzerbaiyán
79%
Guatemala | MéxicoBelice
79%
Arabia SauditaCatar
79%
Armenia | Azerbaiyán | Rusia | TurquíaGeorgia
79%
Malasia | Papua Nueva Guinea | Timor OrientalIndonesia
79%
Egipto | Jordania | Líbano | SiriaIsrael
79%
Camboya | China | LaosVietnam
79%
Alemania | Eslovaquia | Eslovenia | Hungría | Italia | Liechtenstein |
República Checa | Suiza
Austria
78%
Croacia | Montenegro | SerbiaBosnia y
Herzegovina
78%
Albania | Bosnia y Herzegovina | Croacia | Kosovo | SerbiaMontenegro
78%
Alemania | Austria | Eslovaquia | PoloniaRepública Checa
78%
Afganistán | China | India | IránPakistán
77%
Bosnia y Herzegovina | Bulgaria | Croacia | Hungría | Kosovo | Macedonia del Norte | Montenegro | RumaniaSerbia
77%
Botsuana | Lesoto | Mozambique | Namibia | Suazilandia | ZimbabueSudáfrica
77%
India | MyanmarBangladés
76%
El Salvador | Guatemala | NicaraguaHonduras
76%
Austria | Croacia | Eslovaquia | Eslovenia | Rumania | Serbia | UcraniaHungría
76%
Bangladés | Bután | China | Myanmar | Nepal | PakistánIndia
76%
Camboya | China | Myanmar | Tailandia | VietnamLaos
76%
Rumania | UcraniaMoldavia
76%
Arabia Saudita | Emiratos Árabes Unidos | YemenOmán
76%
Grecia | Kosovo | Macedonia del Norte | MontenegroAlbania
75%
Azerbaiyán | Georgia | Irán | TurquíaArmenia
75%
Israel | Libia | SudánEgipto
75%
Bielorrusia | Estonia | Lituania | RusiaLetonia
75%
Israel | SiriaLíbano
75%
Bangladés | China | India | Laos | TailandiaMyanmar
75%
Etiopía | Sudán | YibutiEritrea
74%
Bolivia | Brasil | Chile | Colombia | EcuadorPerú
74%
Etiopía | Kenia | YibutiSomalia
74%
Catar | Emiratos Árabes Unidos | Irak | Jordania | Kuwait | Omán | YemenArabia Saudita
73%
Austria | Croacia | Hungría | ItaliaEslovenia
73%
Albania | Bulgaria | Macedonia del Norte | TurquíaGrecia
73%
Belice | El Salvador | Honduras | MéxicoGuatemala
73%
Argelia | Chad | Egipto | Níger | Sudán | TúnezLibia
73%
Alemania | Bielorrusia | Eslovaquia | Lituania | República Checa | Rusia | UcraniaPolonia
73%
Azerbaiyán | Bielorrusia | China | Corea del Norte | Estonia | Finlandia | Georgia |
Kazajistán | Letonia | Lituania | Mongolia | Noruega | Polonia | Ucrania
Rusia
73%
China | IndiaBután | Nepal
72%
Eritrea | Kenia | Somalia | Sudán | Sudán del Sur | YibutiEtiopía
72%
SenegalGambia
72%
Costa de Marfil | Guinea | Sierra LeonaLiberia
72%
Bosnia y Herzegovina | Eslovenia | Hungría | Montenegro | SerbiaCroacia
71%
Afganistán | Armenia | Azerbaiyán | Irak | Pakistán | Turkmenistán | TurquíaIrán
71%
Albania | Macedonia del Norte | Montenegro | SerbiaKosovo
71%
Bielorrusia | Eslovaquia | Hungría | Moldavia | Polonia | Rumania | RusiaUcrania
71%
Benín | Costa de Marfil | Ghana | Malí | Níger | TogoBurkina Faso
70%
República Democrática del Congo | Ruanda | TanzaniaBurundi
70%
Burkina Faso | Costa de Marfil | TogoGhana
70%
Arabia Saudita | Irak | Israel | SiriaJordania
70%
Austria | Hungría | Polonia | República Checa | UcraniaEslovaquia
69%
Angola | Botsuana | Sudáfrica | ZambiaNamibia
69%
Camerún | Chad | República del Congo | República Democrática del Congo |
Sudán | Sudán del Sur
República Centroafricana
69%
Afganistán | Irán | Kazajistán | UzbekistánTurkmenistán
69%
Etiopía | Somalia | Sudán del Sur | Tanzania | UgandaKenia
68%
Arabia Saudita | IrakKuwait
68%
Guinea | SenegalGuinea-Bissau
67%
Arabia Saudita | Irán | Jordania | Kuwait | Siria | TurquíaIrak
67%
Argelia | Benín | Burkina Faso | Chad | Libia | Malí | NigeriaNíger
67%
Benín | Camerún | Chad | NígerNigeria
67%
Chad | Egipto | Eritrea | Etiopía | Libia | República Centroafricana | Sudán del SurSudán
67%
Eritrea | Etiopía | SomaliaYibuti
67%
Grecia | Macedonia del Norte | Rumania | Serbia | TurquíaBulgaria
66%
Gambia | Guinea | Guinea-Bissau | Malí | MauritaniaSenegal
66%
Mozambique | SudáfricaSuazilandia
66%
Irak | Israel | Jordania | Líbano | TurquíaSiria
65%
Armenia | Azerbaiyán | Bulgaria | Georgia | Grecia | Irak | Irán | SiriaTurquía
65%
Afganistán | Kazajistán | Kirguistán | Tayikistán | TurkmenistánUzbekistán
65%
Namibia | República del Congo | República Democrática del Congo | ZambiaAngola
64%
Camerún | GabónGuinea Ecuatorial
64%
Burundi | República Democrática del Congo | Tanzania | UgandaRuanda
64%
Burkina Faso | Níger | Nigeria | TogoBenín
63%
Namibia | Sudáfrica | Zambia | ZimbabueBotsuana
62%
Benín | Burkina Faso | GhanaTogo
62%
China | Irán | Pakistán | Tayikistán | Turkmenistán | UzbekistánAfganistán
61%
China | Kazajistán | Tayikistán | UzbekistánKirguistán
60%
Afganistán | China | Kirguistán | UzbekistánTayikistán
60%
Argelia | Burkina Faso | Costa de Marfil | Guinea | Mauritania | Níger | SenegalMalí
59%
Malaui | Suazilandia | Sudáfrica | Tanzania | Zambia | ZimbabueMozambique
59%
Botsuana | Mozambique | Sudáfrica | ZambiaZimbabue
59%
Camerún | Guinea Ecuatorial | República del CongoGabón
58%
Camerún | Libia | Níger | Nigeria | República Centroafricana | SudánChad
57%
Kenia | República Democrática del Congo | Ruanda | Sudán del Sur | TanzaniaUganda
57%
Angola | Botsuana | Malaui | Mozambique | Namibia | República Democrática del Congo |
Tanzania | Zimbabue
Zambia
57%
Burundi | Kenia | Malaui | Mozambique | República Democrática del Congo | Ruanda |
Uganda | Zambia
Tanzania
56%
Angola | Camerún | Gabón | República Centroafricana | República Democrática del CongoRepública del Congo
55%
Guinea | LiberiaSierra Leona
55%
Chad | Gabón | Guinea Ecuatorial | Nigeria | República Centroafricana | República del CongoCamerún
53%
Etiopía | Kenia | República Centroafricana | República Democrática del Congo |
Sudán | Uganda
Sudán del Sur
52%
Burkina Faso | Ghana | Guinea | Liberia | MalíCosta de Marfil
50%
Angola | Burundi | República Centroafricana | República del Congo | Ruanda |
Sudán del Sur | Tanzania | Uganda | Zambia
República Democrática
del Congo
50%
Costa de Marfil | Guinea-Bissau | Liberia | Malí | Senegal | Sierra LeonaGuinea
47%
Mozambique | Tanzania | ZambiaMalaui
44%

Distribución de puntuación

Porcentaje por número respondido

Porcentaje de gente con cada puntuación

Historial de tus puntuaciones

No has intentado esta prueba.